000 01045nam0a2200289 4500
001 RU\NLR\BIBL_A\011288907
005 20260406075015.0
010 _a978-5-4236-0327-4
_93000
021 _aRU
_b2016-89059
_95853
035 _a(NLR Aleph) 011288907
090 _a10907959
_c10907959
100 _a20161206d2016 |||y0rusy50 ca
101 0 _arus
102 _aRU
105 _ay z 00yy
200 1 _aПотусторонние миры
_fШамиль Аляутдинов
210 _aМосква
_aСанкт-Петербург
_cДиля
_d2016
215 _a220, [2] с.
_d17
320 _aБиблиогр. в подстроч. примеч.
606 1 _aБеседы религиозные мусульманские
_92445288
_3RU\NLR\AUTH\661454372
686 2 _aЭ38-681.2
700 1 _4070
_8rus
_7ca
_aАляутдинов
_bШ. Р.
_f1974-
_gШамиль Рифатович
_3RU\NLR\AUTH\7736075
_919068
942 _cBOOK
980 _aNB